000 00616nam a2200229 i 4500
001 C2-0005393
003 PPAK
005 20190630221835.0
008 970125s1982 enka|||| ||||| | eng d
020 _a071310628X
040 _aPPAK
_beng
_cPPAK
_erda
082 0 4 _a646.7242
_223
090 0 0 _a646.7242
_bBEN
_dG
100 1 _aBennett, Ruth,
_eauthor
245 1 4 _aThe science of hairdressing
264 1 _aLondon :
_bEdward Arnold ,
_c1982
300 _a211 pages :
_billustrations ;
_c25 cm
336 _2rdacontent
_atext
337 _2rdamedia
_aunmediated
338 _2rdacarrier
_avolume
942 _ddc
_cB
999 _c1588
_d1588